00230nam a2200097Ia 4500008004100000100001800041245002500059260002400084942000700108999001700115190216s9999||||xx |||||||||||||| ||und|| aDr.Puthan T I 0aLankakkar Keralathil bNational Book Stall cBK c18691d18691